| 000 | 01169 a2200241 4500 | ||
|---|---|---|---|
| 001 | 27939 | ||
| 005 | 20260407155552.0 | ||
| 008 | 260407a1975 arg spa d | ||
| 003 | AR-UNSa-BCEJYS | ||
| 040 |
_aAR-UNSa-BCEJYS _bspa _cAR-UNSa-BCEJYS |
||
| 080 |
_a657 _xContabilidad |
||
| 245 | 1 | 0 |
_aManual de Contabilidad _pTécnicas de Valuación |
| 250 | _a2a. ed | ||
| 264 | 1 |
_aBuenos Aires : _bEdiciones Macchi-López _c1975 |
|
| 300 |
_a469 p. _c23 cm. |
||
| 505 | _a1. Introducción - 2. Formalidad y contenido de los estados financieros - 3. La valuación - 4. La valuación (2º parte) - 5. El capital de trabajo - 6. Disponibilidades - 7. Cuentas a cobrar - 8. Inversiones temporales - 9. Inventarios - 10. Inversiones permanentes - 11. Otros bienes materiales amortizables o no - 12. Bienes inmateriales - 13. Activos diversos - 14. Los compromisos - 15. Pasivos diversos - 16. Capital propio - 17.La inflación y su incidencia e los criterios de valuación. | ||
| 942 | _cBK | ||
| 590 | _aniveau_biblio:m niveau_hierar:0 | ||
| 100 | 1 | _aBiondi, Mario | |
| 700 | 1 | _aGonzalez, Miguel Angel | |
| 700 | 1 | _aMenendez Alvarez, Donato | |
| 700 | 1 | _aPazos, Margarita | |
| 999 |
_c1629 _d1629 |
||